000 00208 a2200097 4500
001 38218
100 _aKhan M Ali
245 _aMoral evolution
260 _aLahore
_bFerozsons
_c1990
090 _c24276
_d24276
942 _aNUST-CAE
_cM
_c15865
999 _c273291
_d273291